00509 2200181 4500001002100000005001500021035002000036008004100056245004300097100002800140260004000168300002300208020001800231084001700249082001100266650002600277990002400303INLIS00000000000057020231115030813 a0010-0823000570231115 0 ind 1 aSaat -Saat Berkesan Bersama Rasulullah aAbdul Aziz Asy-Syinnawi aJakarta :bGema Insani Press,c2004 a172 hlm. ;c18 cm. a979-561-878-4 a2x9.12 ABD s a2x9.12 4aSejarah Nabi Muhammad a0140/STITINKA/01/23